Slovník česko-esperantský

Bibliographic Details
Main Author: Čejka, Theodor, 1878-1957 (Author)
Format: Book
Language:Czech
Esperanto
PhysicalDescription:123 s. 8°
Published: Bystřice-Hostýn Th. Čejka 1906
Subjects:

MARC

LEADER 00000cam a2200000 a 4500
001 vtls001357394
003 SK-MaSNL
005 20260301114957.0
008 180810s1906 xr 00000 cze
035 |a SNK000310887 
040 |a SNK  |b slo  |c SNK  |e AACR2 
041 0 |a cze  |a epo 
044 |a xr  |c CZ 
072 7 |a 811.9  |x Umelé jazyky  |2 konspekt 
072 7 |a 811.162.3  |x Čeština  |2 konspekt 
072 7 |a 811.922  |2 2001 
072 7 |a 811.162.3  |2 2001 
072 7 |a (038)  |2 2001 
100 1 |a Čejka, Theodor,  |d 1878-1957  |4 aut  |9 125187 
245 1 0 |a Slovník česko-esperantský  |c sestavil Theodor Čejka 
260 |a Bystřice-Hostýn  |b Th. Čejka  |c 1906 
300 |a 123 s.  |c 8° 
650 0 7 |a čeština  |2 SNKPH  |9 1319 
650 0 7 |a esperanto  |2 SNKPH  |9 22400 
655 7 |a dvojjazyčné prekladové slovníky  |2 SNKPH  |9 70744 
852 |a Slovenská národná knižnica 
999 |c 720478  |d 722408 
952 |t P60, <04>, [BOOK], {604}  |a SNK  |b SNK  |y VYP  |7 0  |p 17A0182405  |o snkID 14370  |0 0  |1 0  |4 0  |d 1999-03-10  |l 0  |r 2005-01-02 00:00:00  |w 2026-02-23